Städte und Gemeinden im Landkreis Rostock mit Karte - Statistiken

Allgemein
  • Dieses Quiz wurde 92 mal gespielt
  • Das Durchschnittsergebnis liegt bei 17 aus 112
Antworten auf der Karte
Die Antworten werden auf der Karte rot bzw. grün angezeigt, abhängig davon wie oft sie richtig erraten wurden.
 
Antwortstatistiken
Amt Stadt oder Gemeinde % Korrekt
Amtsfrei Bad Doberan
84%
Amtsfrei Güstrow
84%
Laage Laage
61%
Schwaan Schwaan
58%
Amtsfrei Kühlungsborn
55%
Bützow-Land Bützow
52%
Tessin Tessin
52%
Amtsfrei Neubukow
47%
Krakow am See Krakow am See
45%
Gnoien Gnoien
41%
Bützow-Land Warnow
39%
Rostocker Heide Rövershagen
36%
Amtsfrei Graal-Müritz
34%
Neubukow-Salzhaff Rerik
34%
Rostocker Heide Bentwisch
33%
Amtsfrei Sanitz
31%
Amtsfrei Kröpelin
30%
Amtsfrei Dummerstorf
28%
Warnow-West Papendorf
28%
Warnow-West Elemnhorst/Lichtenhagen
27%
Amtsfrei Satow
27%
Warnow-West Kritzmow
25%
Amtsfrei Teterow
23%
Rostocker Heide Gelbensande
22%
Carbäk Roggentin
22%
Carbäk Broderstorf
20%
Bad Doberan-Land Nienhagen
20%
Neubukow-Salzhaff Bastorf
17%
Rostocker Heide Mönchhagen
17%
Warnow-West Pölchow
17%
Bützow-Land Klein Belitz
14%
Carbäk Poppendorf
14%
Warnow-West Stäbelow
14%
Krakow am See Lalendorf
13%
Warnow-West Lambrechtshagen
13%
Güstrow-Land Lüssow
13%
Bad Doberan-Land Retschow
13%
Bad Doberan-Land Wittenbeck
13%
Neubukow-Salzhaff Am Salzhaff
11%
Rostocker Heide Blankenhagen
11%
Mecklenburgische Schweiz Jördenstorf
11%
Bützow-Land Jürgenshagen
11%
Bützow-Land Rühn
11%
Bützow-Land Steinhagen
11%
Neubukow-Salzhaff Alt Bukow
9%
Bützow-Land Baumgarten
9%
Neubukow-Salzhaff Biendorf
9%
Schwaan Bröbberow
9%
Güstrow-Land Lohmen
9%
Carbäk Thulendorf
9%
Schwaan Wiendorf
9%
Warnow-West Ziesendorf
9%
Bad Doberan-Land Admannshagen-Bargeshagen
8%
Schwaan Benitz
8%
Bützow-Land Bernitt
8%
Bad Doberan-Land Börgerende-Rethwisch
8%
Tessin Cammin
8%
Laage Dolgen am See
8%
Mecklenburgische Schweiz Groß Wokern
8%
Mecklenburgische Schweiz Groß Wüstenfelde
8%
Güstrow-Land Gülzow-Prüzen
8%
Güstrow-Land Gutow
8%
Bad Doberan-Land Hohenfelde
8%
Laage Hohen Sprenz
8%
Güstrow-Land Mühl Rosin
8%
Bad Doberan-Land Reddelich
8%
Laage Wardow
8%
Neubukow-Salzhaff Carinerland
6%
Bützow-Land Dreetz
6%
Gnoien Finkenthal
6%
Güstrow-Land Groß Schwiesow
6%
Schwaan Kassow
6%
Güstrow-Land Klein Upahl
6%
Krakow am See Kuchelmiß
6%
Güstrow-Land Kuhs
6%
Bützow-Land Penzin
6%
Güstrow-Land Plaaz
6%
Tessin Selpin
6%
Bad Doberan-Land Steffenshagen
6%
Bützow-Land Tarnow
6%
Tessin Thelkow
6%
Mecklenburgische Schweiz Thürkow
6%
Schwaan Vorbeck
6%
Gnoien Walkendorf
6%
Tessin Zarnewanz
6%
Güstrow-Land Zehna
6%
Bad Doberan-Land Bartenshagen-Parkentin
5%
Mecklenburgische Schweiz Dalkendorf
5%
Krakow am See Dobbin-Linstow
5%
Tessin Gnewitz
5%
Mecklenburgische Schweiz Groß Roge
5%
Krakow am See Hoppenrade
5%
Mecklenburgische Schweiz Prebberede
5%
Güstrow-Land Reimershagen
5%
Schwaan Rukieten
5%
Güstrow-Land Sarmstorf
5%
Mecklenburgische Schweiz Warnkenhagen
5%
Bützow-Land Zepelin
5%
Gnoien Altkalen
3%
Mecklenburgische Schweiz Alt Sührkow
3%
Gnoien Behren-Lübchin
3%
Mecklenburgische Schweiz Dahmen
3%
Tessin Grammow
3%
Mecklenburgische Schweiz Hohen Demzin
3%
Mecklenburgische Schweiz Lelkendorf
3%
Güstrow-Land Mistorf
3%
Tessin Nustrow
3%
Mecklenburgische Schweiz Schorssow
3%
Mecklenburgische Schweiz Schwasdorf
3%
Tessin Stubbendorf
3%
Mecklenburgische Schweiz Sukow-Levitzow
3%
Güstrow-Land Glasewitz
0%
Keine übereinstimmenden Quizze gefunden
Verteilung der Resultate
Anzahl Personen mit jedem Resultat
Perzentil nach korrekt beantworteten Fragen
Ihre Resultats-Entwicklung
Sie haben dieses Quiz noch nicht gespielt